000 00611 a2200205 4500
020 _a061901556X
040 _aDLC
_bDLC
082 0 4 _a005.74
_bM83
100 1 _aMorrison, Mike.
245 1 0 _aDatabase-driven web sites
_cMike Morrison, Joline Morrison.
246 3 _aDatabase driven web sites
260 _aCambridge, MA :
_bCourse Technology,
_cc2000.
300 _axvi, 431 p. :
_bill. ;
_c24 cm.
440 0 _aWeb warrior series
500 _aIncludes index.
650 0 _aDatabase management.
650 0 _aWeb sites
_xDesign.
700 1 _aMorrison, Joline.
942 _cBK
_k005.74 MOR
_aSEECS004757
_2ddc
999 _c7096
_d7096